Vista normal
Vista MARC
Entrada Meeting Name
Número de registros utilizados en: 3
001 - CONTROL NUMBER
- control field: 16
003 - CONTROL NUMBER IDENTIFIER
- control field: DO-SdBNP
005 - DATE AND TIME OF LATEST TRANSACTION
- control field: 20160810113633.0
008 - FIXED-LENGTH DATA ELEMENTS
- fixed length control field: 160810|| aca||aabn | a|a d
040 ## - CATALOGING SOURCE
- Original cataloging agency: DO-SdBNP
111 ## - HEADING--MEETING NAME
- Meeting name or jurisdiction name as entry element: Congreso Nacional del Derecho del Trabajo y Seguridad Social
- Location of meeting: Santo Domingo, República Dominicana
- Date of meeting: 9-18 de septiembre de 1981
- Number of part/section/meeting: 1
670 ## - SOURCE DATA FOUND
- Source citation: Relaciones de trabajo en el servicio público [Ponencias]
- Information found: portada